<?xml version="1.0" encoding="UTF-8"?>
<collection xmlns="http://www.loc.gov/MARC21/slim">
 <record>
  <leader>01298nas a2200325   4500</leader>
  <controlfield tag="001">39436</controlfield>
  <controlfield tag="003">BD-DhAAL</controlfield>
  <controlfield tag="005">20250923102710.0</controlfield>
  <controlfield tag="008">150803s2009    bg mr p   g w 0    0eng d  </controlfield>
  <datafield tag="040" ind1=" " ind2=" ">
   <subfield code="a">BD-DhAAL</subfield>
   <subfield code="c">BD-DhAAL</subfield>
  </datafield>
  <datafield tag="041" ind1="0" ind2=" ">
   <subfield code="a">eng</subfield>
   <subfield code="a">ben</subfield>
  </datafield>
  <datafield tag="082" ind1="0" ind2="0">
   <subfield code="a">348.5492046</subfield>
  </datafield>
  <datafield tag="245" ind1="0" ind2="4">
   <subfield code="a">The mainstream law reports :</subfield>
   <subfield code="b">a monthly legal journal.</subfield>
   <subfield code="n">Volume XVIII /</subfield>
   <subfield code="c">edited by Khondaker Md. Abu Bakar.</subfield>
  </datafield>
  <datafield tag="246" ind1="3" ind2="0">
   <subfield code="a">MLR</subfield>
  </datafield>
  <datafield tag="260" ind1=" " ind2=" ">
   <subfield code="a">Dhaka :</subfield>
   <subfield code="b">Shahanaj Khondaker, </subfield>
   <subfield code="c">2013.</subfield>
  </datafield>
  <datafield tag="300" ind1=" " ind2=" ">
   <subfield code="a">v. ;</subfield>
   <subfield code="c">25 cm</subfield>
  </datafield>
  <datafield tag="310" ind1=" " ind2=" ">
   <subfield code="a">Monthly, with an annual cumulation</subfield>
  </datafield>
  <datafield tag="362" ind1="0" ind2=" ">
   <subfield code="a">Vol. 18 (2013)-</subfield>
  </datafield>
  <datafield tag="500" ind1=" " ind2=" ">
   <subfield code="a">Cumulated in an annual bound volume.</subfield>
  </datafield>
  <datafield tag="541" ind1=" " ind2=" ">
   <subfield code="e">29436</subfield>
  </datafield>
  <datafield tag="546" ind1=" " ind2=" ">
   <subfield code="a">In English; includes some text in Bengali.</subfield>
  </datafield>
  <datafield tag="650" ind1=" " ind2="0">
   <subfield code="a">Law reports, digests, etc. </subfield>
   <subfield code="z">Bangladesh.</subfield>
   <subfield code="9">5827</subfield>
  </datafield>
  <datafield tag="650" ind1=" " ind2="0">
   <subfield code="a">Law </subfield>
   <subfield code="z">Bangladesh </subfield>
   <subfield code="v">Periodicals.</subfield>
   <subfield code="9">3852</subfield>
  </datafield>
  <datafield tag="700" ind1="1" ind2=" ">
   <subfield code="a">Abu Bakar, Khondaker Muhammad.</subfield>
   <subfield code="9">59442</subfield>
  </datafield>
  <datafield tag="710" ind1="1" ind2=" ">
   <subfield code="a">Bangladesh. </subfield>
   <subfield code="b">Supreme Court. </subfield>
   <subfield code="b">High Court Division.</subfield>
   <subfield code="9">3854</subfield>
  </datafield>
  <datafield tag="710" ind1="1" ind2=" ">
   <subfield code="a">Bangladesh. </subfield>
   <subfield code="b">Supreme Court. </subfield>
   <subfield code="b">Appellate Division.</subfield>
   <subfield code="9">3855</subfield>
  </datafield>
  <datafield tag="852" ind1="4" ind2=" ">
   <subfield code="a">Ayesha Abed Library</subfield>
   <subfield code="c">General Stacks</subfield>
  </datafield>
  <datafield tag="942" ind1=" " ind2=" ">
   <subfield code="2">ddc</subfield>
   <subfield code="c">BK</subfield>
  </datafield>
  <datafield tag="999" ind1=" " ind2=" ">
   <subfield code="c">35138</subfield>
   <subfield code="d">35138</subfield>
  </datafield>
  <datafield tag="952" ind1=" " ind2=" ">
   <subfield code="0">0</subfield>
   <subfield code="1">0</subfield>
   <subfield code="2">ddc</subfield>
   <subfield code="4">0</subfield>
   <subfield code="6">348_549204600000000_MAI</subfield>
   <subfield code="7">0</subfield>
   <subfield code="9">55088</subfield>
   <subfield code="a">BRACUL</subfield>
   <subfield code="b">BRACUL</subfield>
   <subfield code="c">REF</subfield>
   <subfield code="d">2015-08-03</subfield>
   <subfield code="e">Development Book Agency</subfield>
   <subfield code="g">1200.00</subfield>
   <subfield code="l">0</subfield>
   <subfield code="o">348.5492046 MAI</subfield>
   <subfield code="p">3010029436</subfield>
   <subfield code="r">2015-08-03</subfield>
   <subfield code="t">1</subfield>
   <subfield code="w">2015-08-03</subfield>
   <subfield code="y">1HOUR</subfield>
  </datafield>
 </record>
</collection>
